000 00695cam a2200181 i 4500
005 20251202103528.0
008 250721s2006 jo gr 000 0 ara d
082 1 4 _a211.2
_bد و م
100 1 _aبني دومي، خالد قاسم
_eمؤلف.
245 1 0 _aدلالات الظاهرة الصوتية :
_bفي القرآن الكريم /
_cالدكنور خالد قاسم بني دومي.
264 3 1 _aعمان :
_bجدارا للكتاب العالمي للنشر والتوزيع،
_c2006.
300 _a284صفجه.
650 1 7 _aالقرآن الكريم.
650 1 7 _aعلوم القرآن.
650 1 7 _aالتجويد.
942 _2ddc
_cBK
999 _c100043
_d100043